[Event "Piestany Slovakia op"]
[Site "Piestany"]
[Date "2021.07.15"]
[Round "6"]
[White "Kostic, Ivan"]
[Black "Kapolkova, Greta"]
[Result "1-0"]
[WhiteElo "1564"]
[BlackElo "1472"]
[PlyCount "25"]
[EventDate "2021.07.10"]
[EventType "swiss"]
[EventRounds "9"]
[EventCountry "SVK"]
[SourceTitle "CBM 203 Extra"]
[Source "ChessBase"]
[SourceDate "2021.09.30"]
[SourceVersion "1"]
[SourceVersionDate "2021.09.30"]
[SourceQuality "1"]

1. d4 d5 2. e3 Nf6 3. c4 e6 4. a3 c5 5. dxc5 Bxc5 6. b4 Be7 7. c5 0-0 8. Bb2 Qc7 9. Nf3 Nbd7 10. Nc3 Rd8 11. Nb5 Qc6 12. Nfd4 Qa6 13. Nc7 1-0

[Event "Berlin op 10"]
[Site "Berlin"]
[Date "2005.11.10"]
[Round "5"]
[White "Kostic, Ivan"]
[Black "Gremm, Albert Juergen"]
[Result "0-1"]
[WhiteElo "1646"]
[BlackElo "1885"]
[PlyCount "62"]
[EventDate "2005.10.13"]
[EventType "swiss"]
[EventRounds "7"]
[EventCountry "GER"]
[SourceTitle "EXT 2007"]
[Source "ChessBase"]
[SourceDate "2006.11.23"]
[SourceVersion "1"]
[SourceVersionDate "2006.11.23"]
[SourceQuality "1"]

1. d4 Nc6 2. e4 e5 3. d5 Nce7 4. Bd3 Ng6 5. Be3 Bb4+ 6. c3 Ba5 7. Ne2 Bb6 8. Qd2 d6 9. Bg5 Nf6 10. h3 0-0 11. Na3 c6 12. c4 cxd5 13. cxd5 h6 14. Be3 Ba5 15. b4 Bc7 16. 0-0 Nxe4 17. Bxe4 f5 18. Bc2 f4 19. Bxg6 Qg5 20. Bxf4 exf4 21. Qd3 f3 22. Ng3 Bb6 23. Bh7+ Kh8 24. Qg6 fxg2 25. Kxg2 Qh4 26. Rae1 Bxh3+ 27. Kg1 Bg4 28. Qxd6 Kxh7 29. Re7 Rf6 30. Qe5 Raf8 31. Ne4 Rg6 0-1